00774nam a2200193Ia 4500001000600000003000500006008004100011010001100052040000900063100004100072245021700113260004100330300001000371502008100381650002800462650002600490650003600516700002800552Z_357CHAP220113s1986 xx 000 0 und d a163333 cCHAP aCortés Ramírez, Carlos Agustín aEvaluación de la eficiencia reproductiva de cerdas híbridas en las razas : York-Duroc, York-Landrace, York-Hampshire : Segundo tercer parto /cpor Carlos Agustín Cortés Ramírez y Adrián Cadena Aguado aChapingo, Méx. :bEl autor,c1986 a79 h. aTesis (Ing. Agrónomo Esp. en Zootecnia) -- UACH. Departamento de Zootecnia aGanado porcinoxCruzas  aGanado porcinoxRazas aGanado porcinoxReproducción  aCadena Aguado, Adrián